02847cam a22003014a 450000100090000000300090000900500170001800800410003501000170007602500270009303700700012004000280019004200100021804300120022805000210024008200160026110000450027724500850032226000570040730000340046450000170049850000540051550000370056950400500060650518290065665100240248571000360250915427640BDDh-ASL20231015030031.0080826n 18uuii ab b 001 0 eng  a 2008331476 aI-E-2008-331476; 61-92 bLibrary of Congress -- New Delhi Overseas OfficecRs5950.00 (set) aDLCcDLCdDLCdBDDh-ASL alcode aa-ii---00aDS418b.C87 2000 a954.54bREP1 aCunningham, Alexander,cSir,d1814-1893.10aCunningham report : Report of a Tour in Bihar and Bengal in 1879-80, Vol.- 15 /  aNew Delhi :bArchaeological Survey of India,c18uu?. av-15 : bill., maps ;c25 cm. aCover title. aAt head of title: Archaeological Survey of India. aOriginally published: 19th cent. aIncludes bibliographical references and index0 av. 1-2. Four reports made during the years 1862-63-64-65 -- v. 3. Report for the year 1871-72 -- v. 4. Report for the year 1871-72 : Delhi, Agra -- v. 5. Report for the year 1872-73 -- v. 6. Report of a tour in eastern Rajpurana in 1871-72 and 1872-73 / by A.C.L. Carlleyle -- v. 7. Report of a tour in Bundelkhand and Malwa, 1871-72 and in the Central Provinces, 1873-74 -- v. 8. Report of a tour through the Bengal provinces of Patna, Gaya, Mongir, and Bhagalpur, the Santal Parganas, Manbhum, Singhbhum & Birbhum, Bankura, Raniganj, Bardwan, and Hughli -- v. 9. Report of a tour in the Central Provinces in 1873-74 and 1874-75 -- v. 10. Report of tours in Bundelkhand and Malwa, in 1874-75 and 1876-77 -- v. 11. Report of tours in the Gangetic provinces from Badaon to Bihar in 1875-76 and 1877-78 -- v. 12. Report of tours in the central Doab and Gorakhpur in 1874-75 and 1875-76 -- v. 13. Report of tours in the south-eastern provinces in 1874-75 and 1875-76 -- v. 14. Report of a tour in the Punjab in 1878-79 -- v. 15. Report of a tour in Bihar and Bengal in 1879-80 -- v. 16. Report of tours in north and south Bihar in 1880-81 -- v. 17. Report of a tour in the Central Provinces and lower Gangetic Doab in 1881-82 -- v. 18. Report of a tour in the Gorakhpur District in 1875-76 and 1876-77 / by A.C.L. Carlleyle -- v. 19. Report of a tour through Behar, central India, Peshawar, and Yusufzai in 1881-82 -- v. 20. Report of a tour in eastern Rajputana in 1882-83 -- v. 21. Reports of a tour in Bundelkhand and Rewa in 1883-84 and of a tour in Rewa, Bundelkhand, Malwa, and Gwalior in 1884-85 -- v. 22. Report of tours in Gorakhpur, Saran, and Ghazipur in 1877-78-79 and 80 -- v. 23. Report of a tour in the Panjab and Rajputana in 1883-84 -- v. 24. General index to the reports of the Archaeological Survey of India. 0aIndiaxAntiquities.2 aArchaeological Survey of India.